000 00645nam a2200217Ia 4500
005 20250326144256.0
008 250326s9999 xx 000 0 und d
020 _a978-81-7992-821-9
037 _aTextbook
040 _aFMSL
_beng
_cFMSL
041 _aeng
_2eng
084 _aX:8obS56 P8
_qFMSL
100 _aChopra Deepak
245 0 _aFreedom :Chopra center method for overcoming addiction and other destructive Habits
_cChopra Deepak; Simon David
260 _aNew Delhi
_bNew Delhi, Jaico
_c2008
300 _axxi,218
365 _b225
650 _aNovel
942 _cTB
_hX:8obS56 P8
999 _c1303091
_d1303091